Sobre la educación en un mundo líquido (Registro nro. 2390)

Detalles MARC
000 -LEADER
fixed length control field 02050 a2200253 4500
001 - CONTROL NUMBER
control field 33762
005 - DATE AND TIME OF LATEST TRANSACTION
control field 20260407155628.0
008 - FIXED-LENGTH DATA ELEMENTS--GENERAL INFORMATION
fixed length control field 260407a2013 arg spa d
003 - CONTROL NUMBER IDENTIFIER
control field AR-UNSa-BCEJYS
040 ## - CATALOGING SOURCE
Original cataloging agency AR-UNSa-BCEJYS
Language of cataloging spa
Transcribing agency AR-UNSa-BCEJYS
080 ## - UNIVERSAL DECIMAL CLASSIFICATION NUMBER
Universal Decimal Classification number 316.346.32-053.6
Common auxiliary subdivision Sociología de la juventud
020 ## - INTERNATIONAL STANDARD BOOK NUMBER
International Standard Book Number 978-950-12-5435-8
041 ## - LANGUAGE CODE
Language code of text/sound track or separate title spa
100 1# - MAIN ENTRY--PERSONAL NAME
Personal name Payás Puigarnau, Dolores
245 10 - TITLE STATEMENT
Title Sobre la educación en un mundo líquido
Name of part/section of a work conversaciones con Riccardo Mazzeo
250 ## - EDITION STATEMENT
Edition statement 1a ed., 1a. reimp.
264 #1 - PRODUCTION, PUBLICATION, DISTRIBUTION, MANUFACTURE, AND COPYRIGHT NOTICE
Place of production, publication, distribution, manufacture Buenos Aires :
Name of producer, publisher, distributor, manufacturer Paidós
Date of production, publication, distribution, manufacture, or copyright notice 2013
300 ## - PHYSICAL DESCRIPTION
Extent 151 p.
Dimensions 23 cm.
505 ## - FORMATTED CONTENTS NOTE
Formatted contents note 1. Entre la mixofilia y la mixofobia – 2. José Saramago : maneras de ser feliz – 3. Gregory Bateson y su tercer nivel de educación – 4. De la cerrazón mental a la << revolución permanente >> – 5. Robles y bellotas absurdamente diminutas – 6. En busca de una genuina << revolución cultural >> – 7. La depravación es la estrategia más inteligente para el desposeimiento – 8. Años para construir, minutos para destruir – 9. Los jóvenes, una propina para la industria del consumo – 10. El esfuerzo de mejorar la comprensión mutua es una fuente prolífica para la creatividad humana – 11. A los desempleados siempre les queda jugar a la lotería, ¿no es cierto? – 12. Discapacidades, anomalías… Las minorías como un problema político – 13. La indignación y las agrupaciones políticas que funcionan como enjambres – 14. Consumidores imperfectos y zonas minadas que no tienen fin – 15. Richard Sennett habla de la diferencia – 16. Del <<capitalista>> de Lacan al <<consumidor>> de Bauman – 17. Zizek y Morin, sobre el monoteísmo – 18. La petite Madeleine de Proust y el consumismo – 19. Sobre combustibles, chispas y fuegos – 20. Sobre la mayoría de edad de la globalización.
590 ## - LOCAL NOTE (RLIN)
Local note niveau_biblio:m niveau_hierar:0
700 1# - ADDED ENTRY--PERSONAL NAME
Personal name Bauman, Zygmunt
856 41 - ELECTRONIC LOCATION AND ACCESS
Uniform Resource Identifier <a href="https://biblioeco.unsa.edu.ar/pmb/images/libros/sobre_la_edu.jpg">https://biblioeco.unsa.edu.ar/pmb/images/libros/sobre_la_edu.jpg</a>
Link text Imagen de portada
Electronic format type image/jpeg
942 ## - ADDED ENTRY ELEMENTS (KOHA)
Koha item type
Existencias
Withdrawn status Lost status Damaged status Not for loan Home library Current library Shelving location Date acquired Total checkouts Full call number Barcode Date last seen Price effective from Koha item type
        Biblioteca Prof. Eusebio Cleto del Rey Biblioteca Prof. Eusebio Cleto del Rey   07/04/2026   P316.346.32-053.6 B347 L125372 07/04/2026 07/04/2026 Libro
        Biblioteca Prof. Eusebio Cleto del Rey Biblioteca Prof. Eusebio Cleto del Rey   07/04/2026   P316.346.32-053.6 B347 L125373 07/04/2026 07/04/2026 Libro